| 000 | 00746nam a22002177a 4500 | ||
|---|---|---|---|
| 999 |
_c3998 _d3998 |
||
| 001 | 3364 | ||
| 003 | BD-DhUAP | ||
| 005 | 20200316120620.0 | ||
| 008 | 200316s1997 enka|||| |||| 00| 0 eng d | ||
| 020 | _a0521628628 | ||
| 040 |
_aBD-DhUAP _bEng _cBD-DhUAP _dBD-DhUAP |
||
| 082 |
_223 _a428.24 RIC |
||
| 100 | _aRichards, Jack C. | ||
| 245 |
_aNew interchange : _bEnglish for international communication : student's book 2 / _cJack C. Richards, Jonathan Hull and Susan Proctor. |
||
| 260 |
_aCambridge : _bCambridge university press, _cc1997. |
||
| 300 |
_a105 pages : _billustrations ; _c28 cm. |
||
| 650 |
_aEnglish language _vStudy and teaching _xForeign speakers. |
||
| 700 | _aHull, Jonathan. | ||
| 700 | _aProctor, Susan. | ||
| 942 |
_2ddc _cBK |
||